000 00279nam a2200133Ia 4500
100 _aJoseph/K.P
650 _aGeneral
942 _cBK
654 _apeace
245 _aPeace and Value education
260 _bDharma Bharathi Ashram
_c2003
300 _a273
546 _aENGLISH
999 _c28643
_d28643